Mountain search for the lost victim /

Bibliographic Details
Main Author: Kelley, Dennis E.
Format: Book
Language:English
Published: Montrose, Calif. : D.E. Kelley, [1973]
Subjects:

MARC

Tag First Indicator Second Indicator Subfields
LEADER 00000cam a2200000 a 4500
001 in00000071330
005 20151008062152.0
008 750827s1973 caua b 00110 engm
010 |a  75311310  
035 |a (OCoLC)01659776 
035 |9 AAJ9660AM 
040 |a DLC  |c DLC  |d TXA  |d UtOrBLW 
049 |a TXAM  |c [1422026] 
050 0 0 |a GV200.5  |b .K44 
082 0 |a 614.8/77 
100 1 |a Kelley, Dennis E. 
245 1 0 |a Mountain search for the lost victim /  |c by Dennis E. Kelley ; edited by Hugh Marsh. 
264 1 |a Montrose, Calif. :  |b D.E. Kelley,  |c [1973] 
264 4 |c ©1973 
300 |a x, 283 pages :  |b illustrations ;  |c 21 cm. 
336 |a text  |b txt  |2 rdacontent 
337 |a unmediated  |b n  |2 rdamedia 
338 |a volume  |b nc  |2 rdacarrier 
504 |a Includes bibliographical references and index. 
650 0 |a Search and rescue operations  |v Handbooks, manuals, etc. 
999 |a MARS 
999 f f |s 8d363922-b31e-3fb2-af0c-b404dca6258b  |i 9c89c711-0a5a-3232-9327-ef0af1178f2d  |t 0 
952 f f |p ric  |a Texas A&M University  |b Rellis Campus  |c Joint Library Facility  |d Remote Storage  |t 0  |e GV200.5 .K44  |h Library of Congress classification  |i unmediated -- volume  |m A14806115630 
998 f f |a GV200.5 .K44  |t 0  |l Remote Storage